Základní rysy čs. daňové reformy a její dopady.

Základné črty daňovej reformy so zameraním na daňovú štruktúru a zmeny v priamych a nepriamych daniach. Dopady daňovej reformy na ceny, daňové kvóty, správanie podnikov a domácností.

Salvato in:
Dettagli Bibliografici
Autore principale: Štěpánek, Petr
Natura: Capitolo di libro
Lingua:ceco
Soggetti:
Tags: Aggiungi Tag
Nessun Tag, puoi essere il primo ad aggiungerne!!

MARC

LEADER 00000naa a2200000 4500
001 r012249
005 20220913122228.3
041 0 |a cze 
044 |a CZ 
245 1 0 |a Základní rysy čs. daňové reformy a její dopady.  |c P. Štěpánek 
520 |a Základné črty daňovej reformy so zameraním na daňovú štruktúru a zmeny v priamych a nepriamych daniach. Dopady daňovej reformy na ceny, daňové kvóty, správanie podnikov a domácností. 
610 2 0 |a reformy daňové 
610 2 0 |a ČSFR 
610 2 0 |a ceny 
610 2 0 |a dane priame 
610 2 0 |a dane nepriame 
100 1 |a Štěpánek, Petr